000 00572nam a2200193Ia 4500
005 20250326123455.0
008 250326s9999 xx 000 0 und d
037 _aTextbook
040 _aFMSL
_beng
_cFMSL
041 _aeng
_2eng
084 _aX:8(2:55)k P5.1
_qFMSL
100 _aMukherjee T P
245 0 _aEncyclopeadic dictionary of economics commerce and management
_cMukherjee T P; Sachdeva M B
260 _aJaipur
_bJaipur, Sublime
_c2005
300 _a286p
490 _v1(A-F)
942 _cTB
_hX:8(2:55)k P5.1
999 _c1269510
_d1269510